Cien obras maestras del Museo Nacional de San Carlos /
में बचाया:
| निगमित लेखक: | |
|---|---|
| अन्य लेखक: | , , , , |
| स्वरूप: | पुस्तक |
| भाषा: | स्पेनिश |
| प्रकाशित: |
México :
CONACULTA : Museo Nacional de San Carlos : Instituto Nacional de Bellas Artes : Landucci,
1998, c1998
|
| विषय: | |
| टैग: |
कोई टैग नहीं, इस रिकॉर्ड को टैग करने वाले पहले व्यक्ति बनें!
|
MARC
| LEADER | 00000nam^a2200000^a^4500 | ||
|---|---|---|---|
| 001 | 000360760 | ||
| 005 | 20250521000000.0 | ||
| 008 | 090304 19981998 | ||
| 009 | 20260310115433.669 | ||
| 037 | |a Acervo ITESO - Biblioteca | ||
| 041 | |a ESP | ||
| 082 | |a 708. 972532 |b MNSC VEL | ||
| 110 | |a Museo Nacional de San Carlos | ||
| 245 | 1 | 0 | |a Cien obras maestras del Museo Nacional de San Carlos / |c Museo Nacional de San Carlos ; introd. de R. Velásquez Martínez del Campo ; texto de E. Uribe ; coord. general de S. Benito Véles ; presen. de R. Tovar y de Teresa, G. Estrada. |
| 264 | 4 | |a México : |b CONACULTA : |b Museo Nacional de San Carlos : |b Instituto Nacional de Bellas Artes : |b Landucci, |c 1998, c1998 | |
| 300 | |a 251 p. | ||
| 336 | |a texto |b txt |2 rdacontenido | ||
| 337 | |a sin mediación |b n |2 rdamedio | ||
| 338 | |a volumen |b nc |2 rdasoporte | ||
| 545 | 0 | |a El Museo Nacional de San Carlos fue fundado en 1968, cuando la colección de la Academia de San Carlos se dividió para formar varios museos. El museo que nos ocupa agrupa el arte europeo del siglo XVI hasta principios del XX, básicamente grabado y pintura, y en menor medida escultura y artes decorativas. | |
| 649 | |a XX | ||
| 650 | |a Museo Nacional de San Carlos (México) - |x Tema Principal | ||
| 650 | |a Museos y Galerías - |z México (Ciudad) - |x Catálogos - |x Tema Principal | ||
| 650 | |a Museos y Galerías - |z México (Ciudad) - |x Colecciones | ||
| 650 | |a Museos y Galerías - |z México - |x Catálogos | ||
| 650 | |a Museos y Galerías - |z México - |x Colecciones | ||
| 650 | |a Arte Europeo - |z México - |x Colecciones | ||
| 650 | |a Arte Europeo - |x Historia y Crítica | ||
| 700 | |a Velásquez Martínez del Campo, Roxana |e (introducción) | ||
| 700 | |a Uribe, Eloísa |e (texto) | ||
| 700 | |a Benito Vélez, Sandra |e (coordinación general) | ||
| 700 | |a Tovar y de Teresa, Rafael |e (presentación) | ||
| 700 | |a Estrada, Genaro |e (presentación) | ||
| 910 | |a Fondo General | ||
| 920 | |a Impresos - Libros | ||
| 930 | |a Reserva Especial | ||
| 905 | |a 103 | ||
| 901 | |a 0500254283 |b IT1 |c REE |i D72623 |u 20250521 | ||
| 902 | |a https://opac.biblio.iteso.mx/vufind/Record/000360760 | ||